| 000 | 00812cam a22002773a 4500 | ||
|---|---|---|---|
| 001 | 22427 | ||
| 003 | PGUSA | ||
| 005 | 20140828083457.0 | ||
| 008 | 070829s2007||||xxu|||||s|||||000 i eng d | ||
| 040 |
_aPGUSA _beng |
||
| 042 | _adc | ||
| 050 | 4 | _aNK | |
| 100 | 1 |
_aJones, Owen, _d1809-1874 |
|
| 245 | 1 | 0 |
_aOne Thousand and One Initial Letters _h[electronic resource] / _cOwen Jones |
| 260 |
_bProject Gutenberg, _c2007 |
||
| 506 | _aPublic domain in the USA. | ||
| 516 | _aElectronic text | ||
| 653 | _aIllumination of books and manuscripts | ||
| 653 | _aInitials | ||
| 653 | _aDecoration and ornament -- Victorian style | ||
| 653 | _aAlphabets | ||
| 740 | 0 | _a1001 illuminated initial letters | |
| 830 | 0 |
_aProject Gutenberg _v22427 |
|
| 856 | 4 | 0 | _uhttp://www.gutenberg.org/ebooks/22427 |
| 942 | _cEB | ||
| 999 |
_c251682 _d251682 |
||